000 00229nam a22000857a 4500
008 160912b xxu||||| |||| 00| 0 eng d
100 _9367
_aNCERT
245 _aTeacher Education for Curriculum Renewal
260 _aNew Delhi
_bNCERT
_c2006
999 _c3026
_d3026